Geography Quiz

Random Geography or State Quiz

50 States, 49 Beers Quiz Stats

Quiz Updated Mar 28, 2012

Challenge
Share
Tweet
Embed
Score 0/49 Timer 10:00
2 Plays Today
Beer State % Correct
Brooklyn LagerNew York
81.2%
Santa Fe Pale AleNew Mexico
75.2%
Buckeye Hippie IPAOhio
65.5%
Sierra Nevada Pale AleCalifornia
59.9%
Blue Grass American Pale AleKentucky
53.9%
Yuengling LagerPennsylvania
50.8%
Landshark LagerFlorida
43.1%
Mount Hood Ice Axe IPAOregon
41.6%
Wachusett Green MonstaMassachusetts
40.5%
Mountaineer Nut BrownWest Virginia
39.2%
Shenandoah Big Meadow Pale AleVirginia
38.2%
Leinenkugel Sunset WheatWisconsin
34%
Wasatch Polygamy PorterUtah
33.7%
Lazy Magnolia Southern GoldMississippi
33.2%
Silver Gulch Fairbanks LagerAlaska
31.9%
New Belgium Fat TireColorado
30.8%
Shiner BockTexas
29.4%
Goose Island 312 Urban Wheat AleIllinois
29%
Magic Hat #9Vermont
26.8%
Dogfish Head 60 Minute IPADelaware
25.1%
Snake River LagerWyoming
24.5%
Abita AmberLouisiana
20.7%
Allagash WhiteMaine
18.7%
Smuttynose Old Brown Dog AleNew Hampshire
15.2%
Clipper City Heavy SeasMaryland
14.8%
Beer State % Correct
Pike Naughty NellieWashington
14.3%
Blue Ridge Kurli Blonde AleSouth Carolina
14.1%
Founders Dirty BastardMichigan
13.4%
Flying Fish Exit 4New Jersey
12.9%
Three Floyds Alpha King Pale AleIndiana
11.9%
Firerock Pale AleHawaii
11.4%
Summit Extra Pale AleMinnesota
10%
O'Fallon GoldMissouri
9.9%
Coastal Extreme Hurricane Amber AleRhode Island
9.9%
Four Peaks 8th Street AleArizona
9.7%
Highland Gaelic AleNorth Carolina
9.7%
Millstream Windmill WheatIowa
9.1%
Red Brick Pale AleGeorgia
8.3%
Yazoo Dos PerrosTennessee
8.1%
Olde Burnside Ten Penny AleConnecticut
7.9%
Diamond Bear RocktoberfestArkansas
7.6%
Laughing Dog AlphadogIdaho
6.7%
Old Towne Amber AleAlabama
6.6%
Harvest Moon Pig's Ass PorterMontana
6.2%
Blind Tiger AmberKansas
6.1%
Empyrean Third Stone BrownNebraska
5.4%
Big Dog's Tailwagger WheatNevada
5.1%
Firehouse RedSouth Dakota
4.6%
Huebert Old Tyme LagerOklahoma
4.5%

You're not logged in!

Compare scores with friends on all Sporcle quizzes.
Sign Up with Email
OR
Log In

You Might Also Like...

Show Comments

Extras

Top Quizzes Today


Score Distribution

Your Account Isn't Verified!

In order to create a playlist on Sporcle, you need to verify the email address you used during registration. Go to your Sporcle Settings to finish the process.